000
00231 a2200097 4500
001
15194
100
_a
Pippard A.J.S
245
_a
The experimental study of structures
260
_a
London
_b
Edward Arnold
_c
090
_c
11934
_d
11934
942
_a
NUST-CAE
_c
M
_c
2152
999
_c
250267
_d
250267